000 01119nam a2200265Ia 4500
003 OSt
005 20220923211424.0
006 a|||||r|||| 00| 0
007 ta
008 220922b |||||||| |||| 00| 0 hin d
020 _a9788193630297 (hbk)
_c1750
024 _a348,238
037 _b242, 16/01/2019, Eastern Book Linkers
_cTextual
040 _aARTS
_cARTS
_bhin
041 _2hin
_ahin
082 _aR65,6, 152Q8
100 _aब्रजपुरिया, रामस्वरूप, ले.
_9160435
245 0 _aश्रीमद्भगवत्गीता
_b क्रमिक स्वाध्याय उत्तरार्द्ध
246 _aShrīmadbhagavatgītā: kramik swādhyāya uttarārddha: adhyāya 1 se 18
260 _aदिल्ली
_b ईस्टर्न बुक लिंकर्स
_c2018
300 _a406पृ.
_ccm.
650 _aभगवत् गीता
942 _hR65,6, 152Q8
_cTEXL
_2CC
999 _c299300
_d299300